MARC

LEADER 00000nam0a2200000 4500
001 234506
005 20231101231328.0
035 |a (RuTPU)RU\TPU\book\255630 
090 |a 234506 
100 |a 20130326d1921 m y0rusy50 ca 
101 0 |a rus 
102 |a RU 
105 |a a z 001zy 
200 1 |a Геология нефти  |e лекции, читанные в Петроградском Горном институте  |f К. Калицкий 
210 |a Петроград  |c Типо-литография Путей Сообщения  |d 1921 
215 |a 224 с.  |c ил. 
225 1 |a Серия редакции журнала "Нефтяное и сланцевое хозяйство" 
317 |5 63413507: 179446  |a Поступила в НТБ в 1940 г. в составе книжного собрания академика М. А. Усова. 
320 |a Библиогр.: с. 222-223. 
606 1 |a Нефть  |x Месторождения  |2 stltpush  |3 (RuTPU)RU\TPU\subj\45882  |9 65072 
610 1 |a геология 
610 1 |a картирование 
610 1 |a петрография 
610 1 |a углеводородные газы 
610 1 |a разрушение 
610 1 |a происхождение 
610 1 |a образование 
610 1 |a библиотека М. А. Усова 
675 |a 553.982.2  |v 3 
700 1 |a Калицкий  |b К. 
801 1 |a RU  |b 63413507  |c 20130326 
801 2 |a RU  |b 63413507  |c 20131023  |g RCR 
942 |c BK